Hóa học lập thể
Trình bày những vấn đề cơ bản về hoá học lập thể: đồng phân quang học, đồng phân hình học, cấu dạng - đồng phân cấu dạng, vấn đề lập thể của các hợp chất chưa dị tố, cao phân tử và Cacbohiđrat, hoá lập thể động...
Sparad:
| Huvudupphovsman: | |
|---|---|
| Materialtyp: | Bok |
| Språk: | Vietnamese |
| Publicerad: |
H.
Đại học Sư phạm
2013
|
| Upplaga: | Tái bản lần thứ 2, có sửa chữa |
| Ämnen: | |
| Taggar: |
Lägg till en tagg
Inga taggar, Lägg till första taggen!
|
| Thư viện lưu trữ: | Mạng thư viện Đại học Đà Nẵng |
|---|
| LEADER | 01401aam a22003378a 4500 | ||
|---|---|---|---|
| 001 | 000019767 | ||
| 003 | 16208 | ||
| 005 | 20141103111100.0 | ||
| 008 | 140826s2013 viesd | ||
| 020 | |c 60000đ |d 500b | ||
| 041 | 0 | |a vie | |
| 082 | 1 | 4 | |2 14 |a 547.1223 |b ĐÔ-R |
| 100 | 1 | |a Đỗ Đình Rãng | |
| 245 | 1 | 0 | |a Hóa học lập thể |c Đỗ Đình Rãng |
| 250 | |a Tái bản lần thứ 2, có sửa chữa | ||
| 260 | |a H. |b Đại học Sư phạm |c 2013 | ||
| 300 | |a 330 tr. |b hình vẽ, bảng |c 24 cm. | ||
| 504 | |a Thư mục: tr. 330 | ||
| 520 | |a Trình bày những vấn đề cơ bản về hoá học lập thể: đồng phân quang học, đồng phân hình học, cấu dạng - đồng phân cấu dạng, vấn đề lập thể của các hợp chất chưa dị tố, cao phân tử và Cacbohiđrat, hoá lập thể động... | ||
| 650 | 0 | 4 | |2 Bộ TK TVQG |a Hoá lập thể |
| 653 | |a Hoá lập thể | ||
| OWN | |a LSP | ||
| AVA | |a UDN50 |b LSP |d 547.1223 ĐÔ-R |e check_holdings |t Error 5003 Not defined in file expand_doc_bib_avail. |h N |k 1 | ||
| 999 | |a From the UDN01 | ||
| AVA | |a UDN50 |b LSP |d 547.1223 ĐÔ-R |e available |t Error 5001 Not defined in file expand_doc_bib_avail. |f 20 |g 1 |h N |i 0 |k 1 | ||
| TYP | |a Monograph | ||
| TYP | |a Printed language | ||
| 980 | |a Mạng thư viện Đại học Đà Nẵng | ||